Statistics for Artists who reached #1 in the USA that starts with D

Click here to take the quiz!

General Stats

  • This quiz has been taken 42 times
    (31 since last reset)
  • The average score is 13 of 44

Answer Stats

#SongArtist% Correct
4My Heart Will Go OnCéline Dion
90%
1Lovers Who WanderDion
87%
2Hungry Like the WolfDuran Duran
81%
1Money for NothingDire Straits
74%
1Pour Some Sugar on MeDef Leppard
68%
1Come On EileenDexys Midnight Runners
68%
1Get LuckyDaft Punk
65%
4Rocky Mountain HighJohn Denver
61%
1Mack the KnifeBobby Darin
52%
4Hotline BlingDrake
52%
2Hello, I Love YouThe Doors
52%
4Bills, Bills, BillsDestiny's Child
45%
1Kung Fu FightingCarl Douglas
42%
3Song Sung BlueNeil Diamond
42%
1The Candy ManSammy Davis, Jr
42%
1Baby, Don't Get Hooked on MeMac Davis
39%
2China GroveThe Doobie Brothers
39%
1Sunshine SupermanDonovan
32%
1Peppermint TwistJoey Dee and the Starliters
32%
1Big Bad JohnJimmy Dean
26%
1Save the Last Dance for MeThe Drifters
26%
3Keep Their Heads Ringin'Dr. Dre
23%
1PandaDesiigner
19%
1Talk DirtyJason DeRulo
19%
1Love Will Lead You BackTaylor Dayne
16%
1Sign Your NameTerence Trent D'Arby
16%
1Chapel of LoveThe Dixie Cups
16%
1In the DarkDev
13%
1All I Do Is WinDJ Khaled
10%
1Can't Hold UsRay Dalton
10%
1Laffy TaffyD4L
6%
1LatelyDivine
6%
1Rock On (From "Dream A Little Dream")Michael Damian
6%
1It Wasn't MeRicardo "RikRok" Ducent
6%
1Disco DuckRick Dees
6%
1I'm Leaving It Up to YouDale & Grace
3%
1At the HopDanny & the Juniors
3%
1In My BedDru Hill
3%
1Mother-in-LawErnie K-Doe
3%
1Wooden HeartJoe Dowell
3%
1I've Got the Music in MeKiki Dee
3%
1Teen AngelMark Dinning
3%
1You Don't Have to Be a Star (To Be in My Show)Billy Davis, Jr
0%
1Who Do You Think You AreBo Donaldson & the Heywoods
0%

Score Distribution

Percentile by Number Answered

Percent of People with Each Score

Your Score History

You have not taken this quiz since the last reset